[Event "Olympiad-36"]
[Site "Mallorca"]
[Date "2004.10.27"]
[Round "12"]
[White "Fridman, Daniel"]
[Black "Tyomkin, Dimitri"]
[Result "1-0"]
[WhiteElo "2578"]
[BlackElo "2505"]
[Annotator "Tyomkin,D"]
[PlyCount "129"]
[EventDate "2004.10.15"]
[EventType "team-swiss"]
[EventRounds "14"]
[EventCountry "ESP"]
[SourceTitle "CBM 104"]
[Source "ChessBase"]
[SourceDate "2005.01.27"]
[SourceVersion "1"]
[SourceVersionDate "2005.01.27"]
[SourceQuality "1"]
[WhiteTeam "Latvia"]
[BlackTeam "Canada"]
[WhiteTeamCountry "LAT"]
[BlackTeamCountry "CAN"]

1. d4 Nf6 2. c4 g6 3. Nc3 Bg7 4. Nf3 O-O 5. e4 d6 6. Be2 c5 {I am not a big
fun of the Kings Indian with black, so I decided to drop out the game of
theoretical railes.} 7. O-O (7. d5 {is more popular and leads to Benoni-type
positions.}) 7... cxd4 8. Nxd4 Nc6 9. Be3 Bd7 10. Qd2 {White doesn't afraid of
Ng4 move.} (10. f3 Nxd4 (10... Qb6 $5) 11. Bxd4 Bc6 12. Qd2 {transforms to the
main line-10.Qd2.}) 10... Ng4 {The move of Leonid Stein, which he tried in his
game vs Kortschnoi in 1961 (draw in 63 moves was an outcome there). 10...Nxd4
is safer in order to play for an equality, while white keeps some edge
everywhere.} (10... Nxd4 11. Bxd4 Bc6 12. f3 a5 (12... Nd7)) 11. Bxg4 Bxg4 12.
f3 Bd7 13. Rfd1 (13. Rac1 Re8 14. Rfd1 Ne5 15. b3 a6 16. a4 Nc6 17. Nd5 Rb8 18.
Ne2 b5 19. axb5 axb5 20. c5 dxc5 21. Rxc5 $16 {1/2-1/2 Kramnik,V-Adianto,U/
London 1994/CBM 42 ext (69)}) (13. Nde2 Qa5 14. Rac1 Rfc8 15. Rfd1 (15. c5 Ne5
{[%cal Ge5c4]}) 15... Ne5 16. b3 Bc6 17. Rc2 a6 18. Nd4 $14 {1-0 Komarov,
D-Relange,E/Paris 1999/EXT 2000 (31)}) 13... Rc8 14. b3 a6 15. Rac1 {Only
games I found in my database were 2 games from the girls U20 german
championship! :)} Re8 (15... f5 $5 {[%csl Yd5,Ye6] is an aggresive try, but I
don't like the holes in my position arised out of that move.}) (15... b5 16.
cxb5 Nxd4 17. Bxd4 axb5 18. Bxg7 Kxg7 19. Qd4+ f6 20. Nd5 $16) 16. Nd5 Nxd4 17.
Bxd4 Bxd4+ 18. Qxd4 Be6 19. Qe3 Qa5 (19... b5 20. c5 Bxd5 21. Rxd5 {with clear
edge.}) (19... Bxd5 20. Rxd5 b5 21. c5 {exactly the same position as in 19..b5
line.}) 20. b4 $1 Qxa2 {no way back.} (20... Qd8 21. c5 $16) 21. Nb6 Rc6 {
21...Rxc4 leads to a winning ending for white where white rooks dominate.} (
21... Rxc4 22. Nxc4 Bxc4 23. Rd2 Qb3 24. Qxb3 Bxb3 25. Rc7 $16) 22. Rd2 Qxd2
23. Qxd2 Rxb6 {[%mdl 1024] the material balance is R+B+1p for a queen, and
black has all chances for the successful defense here.} 24. c5 $1 dxc5 $6 (
24... Rc6 $142 25. cxd6 Rxd6 26. Qe3 Rd7 {but still far from a draw here.}) 25.
bxc5 $1 {opens b-file for white rook.} (25. Rxc5 Rd6 {would lead to the same
ending as in 24...Rc6 line.}) 25... Rc6 26. Rb1 Rc7 (26... Rxc5 27. Rxb7 Rec8
28. h4 {and black loses e7 pawn.}) 27. Rb6 Rec8 28. h4 h5 {otherwise h5-h6....
but now g6 is vulnerable.} 29. Kh2 Bd7 30. Qf4 Bc6 31. Qe5 Rd7 32. Rb3 $1 {
[%cal Gf3f4,Yb3f3,Yb3g3] white intends f4-f5 and to transfer the rook to the
kingside.} Rcd8 {This was logical to advance a-pawn to a4- it's just closer to
a promotion there.} (32... a5 $1) 33. Re3 Kh7 (33... a5 $1) 34. f4 Rg8 $2 {
34...e6 was necessary to get rid of e7-weakness, it weakens dark squares of
black's kingside, while white can't really exploit this.} (34... e6 $1 35. f5 (
35. Qf6 Re8 $1) 35... exf5 36. exf5 Rg8 {and I don't see a break.}) 35. f5 Rg7
36. Rf3 $1 {f-file will open soon.} Rd8 $1 {just to protect the backrank,
which is necessary as is shown in the following line.} (36... f6 37. fxg6+ Rxg6
38. Qxh5+ Kg7 39. Qf5 Rd2 40. Rg3 $16) (36... a5 37. fxg6+ fxg6 38. Rf8 $18 {
[%cal Ge5b8]}) 37. Qxe7 Re8 38. Qc7 gxf5 (38... Rxe4 39. f6 $18) 39. Rxf5 Rxe4
40. Rxh5+ Kg8 41. g3 (41. g4 Rgxg4 42. Qc8+ Be8 43. Rg5+ Rxg5 44. hxg5 Re7 {
and it looks like this is a fortress.}) 41... Re1 $2 {In the time trouble I
failed to find the saver.} (41... f6 $1 42. Qd8+ Re8 43. Qd2 (43. Qd1 Re3)
43... Rge7 $11) 42. Qd8+ Re8 43. Qd1 $1 $18 {prevents both Re2+ and Bf3.} (43.
Qd2 $1 Bf3 $19) 43... Re3 (43... a5 44. Rh6 $1 {[%cal Gd1h5,Gh6d6,Gd6d8]} a4
$140 45. Qh5 $18) (43... Bb5 44. Rd5 $18 {[%cal Gd5d8]}) 44. Rg5 $1 $18 {
That's it! white is trading rooks and stopping all counterplay of black.} Rxg5
45. Qd8+ Kh7 46. Qxg5 Re6 {without h-pawn of white this would be a draw (that
ending appears in 41.g4 line), while now white wins on a kingside.} 47. Qd8 Kg7
48. g4 Re2+ 49. Kg3 Re3+ {inducing Kf4...} 50. Kf2 $1 {White doesn't fall into
a trap.} (50. Kf4 $2 Rf3+ 51. Kg5 $4 f6+ 52. Kh5 {[%tqu "En","find the
killer!","","","f3f5","",10]} Rf5+ $3 53. gxf5 Bf3#) 50... Re6 51. h5 Rf6+ 52.
Kg3 Re6 53. g5 Be8 54. Kf4 Kg8 55. Qa8 Re7 56. Qd8 Re6 57. Qc8 Re7 58. h6 {
Zugzwang! all black moves lead to a loss of material.} Kh8 (58... a5 59. Qd8
Re6 60. Qxa5 Re7 61. Qd8 Re6 62. Kf5 Kh7 (62... Kf8 63. Qd4 $18) 63. g6+ $18)
59. Qd8 Re6 60. Qd4+ f6 61. Kf5 {even better than 61.g6} Bf7 62. Qd8+ Bg8 (
62... Kh7 63. Qf8 {and mate in few}) 63. Qf8 Re5+ 64. Kxf6 Rf5+ {just for an
entertainment of the spectators :)} 65. Kxf5 1-0

[Event "EU-chT (Men) 16th"]
[Site "Heraklion"]
[Date "2007.11.01"]
[Round "5.2"]
[White "Vallejo Pons, Francisco"]
[Black "Jones, Gawain C B"]
[Result "1-0"]
[WhiteElo "2660"]
[BlackElo "2567"]
[Annotator "Vallejo Pons,F"]
[PlyCount "77"]
[EventDate "2007.10.28"]
[EventType "team-swiss"]
[EventRounds "9"]
[EventCountry "GRE"]
[SourceTitle "CBM 121"]
[Source "ChessBase"]
[SourceDate "2007.11.14"]
[SourceVersion "1"]
[SourceVersionDate "2007.11.14"]
[SourceQuality "1"]
[WhiteTeam "Spain"]
[BlackTeam "England"]
[WhiteTeamCountry "ESP"]
[BlackTeamCountry "ENG"]

1. e4 c5 2. Ne2 Nc6 3. d4 cxd4 4. Nxd4 g6 5. c4 Bg7 6. Be3 Nf6 7. Nc3 O-O 8.
Be2 d6 9. O-O Bd7 10. Qd2 Nxd4 11. Bxd4 Bc6 12. Bd3 $5 {Normally I play 12.f3,
but I though that this was a good moment to try out this new and more
ambitious idea. Normalerweise spiele ich 12.f3, aber ich hielt dies für einen
guten Moment, diese neuere ehrgeizige Idee zu erproben. Normalmente juego con
12.f3, pero pensé que era un buen momento para emplear esta idea más moderna y
ambiciosa.} a5 13. Rfe1 $6 {After some time I decided to move this rook to e1.
Nach einer Weile beschloss ich, diesen Turm nach e1 zu stellen. Después de un
rato, decidí colocar esta torre en "f1"} ({With the a1-rook on e1 Mit dem
a1-Turm wäre} 13. Rae1 Ng4 14. Bxg7 Kxg7 15. f4 $5 {there would have been an
extra possibility, but in any case Black had various different plans to choose
from. eine zusätzliche Möglichkeit gewesen, doch so oder so könnte Schwarz
zwischen verschiedenen Plänen wählen. Era una opción extra si hubiese llevado
la torre de "a1" , pero en todo caso, las negras tenían varios planes
diferentes para elegir.}) 13... Ng4 $1 $11 14. Bxg7 Kxg7 15. Be2 (15. f4 $2
Qb6+) 15... Nf6 (15... Ne5 $6 16. Qd4 Kg8 17. c5 $1 $36) 16. Qd4 (16. Bf1 $5
Qb6 17. Nd5 Bxd5 18. exd5 Rfe8 {leads to a structure which is typical of the
Accelerated Dragon; I do not think that Black's problems here are all that
serious here, since e7 is his only weakness. führt zu einer Struktur, die für
den beschleunigten Drachen typisch ist; ich glaube, dass Schwarz hier keine
allzu großen Probleme haben sollte, da seine einzige Schwäche e7 ist. Se llega
a una estructura típica en el Dragón acelerado ; creo que las negras no deben
tener demasiados problemas aquí, ya que sólo tienen "e7" débil.}) 16... e5 $1
17. Qe3 (17. Qd3 $5 Qb6 (17... Qe7 18. Red1 Rfd8 19. Rd2 Nd7 20. Qxd6 Qxd6 21.
Rxd6 Nc5 22. Rxd8 Rxd8 23. f3 Rd2 24. Rb1 $14) 18. b3 Qd4 19. Rad1 Qxd3 20.
Bxd3 Rfd8 21. Bc2 Kf8 $11 {and Black has a very solid position.. und Schwarz
steht sehr solide. Y las negras están muy sólidas.}) 17... Nd7 $1 18. Rad1 Nc5
19. Rd2 Qe7 20. Bd1 $5 {I was not particularly optimistic about my position,
but at least I had the hope that my rival would not settle for the passive
approach which is is needed to handle such fortresses. Ich war nicht
sonderlich optimistisch in Bezug auf meine Stellung, aber zumindest hatte ich
die Hoffnung, dass mein Rivale die Passivität nicht zusagen würde, mit der man
derartige Festungen behandeln muss. No era muy optimista con respecto a mi
posición, pero al menos tenía la esperanza de que a mi rival no le gustase
mucho la pasividad con la que hay jugar este tipo de fortalezas.} a4 {I am not
sure whether this is a good move or a bad one... It does secure for Black the
opening of the a-file, should the b-pawn be advanced; but on the other hand
this pawn can also become weak in the endgame, as turned out to be the case in
the game. Ich bin nicht sicher, ob dies ein guter oder ein schlechter Zug ist..
. Zwar sichert sich Schwarz für den Fall des Vorrückens des b-Bauern die
Öffnung der a-Linie, andererseits kann im Endspiel dieser Bauer aber auch
schwach werden, wie es in der Partie kam. No estoy seguro de si es una jugada
buena o mala... Las negras se aseguran abrir la columna "a" en cuanto el peón
b se mueva, pero por otro lado, en los finales ese peón puede quedar débil,
como ocurrió en la partida.} (20... f5 $5 $132 21. exf5 Rxf5 22. Bg4 Rf6) 21.
Bc2 Rfd8 22. Red1 Ne6 23. Ne2 Qc7 $2 (23... Nc5 $1 $11 {Repeating moves was of
course one of the best chances, and I can assure you that it is extremely
difficult to find a decent plan to improve my position. Die Zugwiederholung
war natürlich eine der besten Möglichkeiten, und ich kann Ihnen versichern,
dass es extrem schwer ist, einen ordentlichen Plan zu finden, um meine
Stellung zu verbessern. Desde luego repetir era una de las mejores
posibilidades, y les aseguro que es extremadamente difícil encontrar un plan
decente para mejorar mi posición.}) 24. f4 $1 Qa5 (24... exf4 25. Nxf4 Nxf4 26.
Qxf4 Qb6+ 27. Rf2 $1 $16 {This is the key move after which White has a great
advantage. Das ist der Schlüsselzug, nach dem Weiß großen Vorteil hat. Esta es
la clave, y las blancas ya tienen gran ventaja.}) 25. f5 $1 Qc5 26. Kf2 $1 {
centralising the king for the coming endgame. Zentralisiert den König für das
kommende Endspiel. Centralizando el rey para el final venidero.} (26. Qf2 $5)
26... Qxe3+ 27. Kxe3 gxf5 (27... Nc5 28. Nc3 $5 (28. fxg6 $16)) 28. exf5 Nc7
29. Nc3 $5 (29. Rxd6 $5 Rxd6 30. Rxd6 Ne8 31. Rd1 Nf6 32. h3 $16) 29... Kf8 (
29... Ne8 30. c5 $16) 30. Rxd6 Rxd6 31. Rxd6 a3 (31... Bxg2 32. Bxa4 $18) 32.
b4 Bxg2 33. Kf2 $18 {My idea was to drive Black's white-squared bishop back to
e8 so that it could never attack my weak pawns on c4 and a2. Meine Idee war,
den weißfeldrigen Läufer des Nachziehenden bis nach e8 zu treiben, damit er
niemals meine schwachen Bauern c4 und a2 attackieren kann. Mi idea era llevar
el alfil de casillas blancas hasta "e8" para que nunca pueda tocar mis peones
débiles de "c4" y "a2"} ({The computer move Der Computerzug} 33. Be4 $1 {
also wins. gewinnt ebenfalls. La jugada de computadora también gana.}) 33...
Bh1 (33... Bc6 34. b5 Be8 35. Be4 $18) 34. b5 $1 b6 {Black's position is
hopeless.  Die schwarze Stellung ist hoffnungslos.  La posición negra es
desesperada.} 35. Rxb6 {Here I calculated a pretty line which led to victory;
in any case White's positional advantage is overwhelming. Hier berechnete ich
eine hübsche Zugfolge zum Sieg, allerdings ist der weiße Stellungsvorteil
sowieso schon überwältigend. Aquí calculé una bonita secuencia ganadora,
aunque la posición es ya de una ventaja abrumadora.} Rd8 36. Ke3 Rd4 37. f6
Rxc4 38. Rb8+ Ne8 39. Ne4 $3 {A very aesthetically pleasing move! Ein sehr
ästhetischer Zug! Jugada muy estética!} 1-0

[Event "EU-chT (Men) 15th"]
[Site "Gothenburg"]
[Date "2005.08.05"]
[Round "7.4"]
[White "Van den Doel, Erik"]
[Black "Guseinov, Gadir"]
[Result "1-0"]
[WhiteElo "2587"]
[BlackElo "2585"]
[Annotator "Van den Doel,E"]
[PlyCount "69"]
[EventDate "2005.07.30"]
[EventType "team-swiss"]
[EventRounds "9"]
[EventCountry "SWE"]
[SourceTitle "CBM 109"]
[Source "ChessBase"]
[SourceDate "2005.11.14"]
[SourceVersion "1"]
[SourceVersionDate "2005.11.14"]
[SourceQuality "1"]
[WhiteTeam "Netherlands"]
[BlackTeam "Azerbaijan"]
[WhiteTeamCountry "NED"]
[BlackTeamCountry "AZE"]

1. e4 c5 2. Nf3 Nc6 3. d4 cxd4 4. Nxd4 g6 5. c4 Bg7 6. Be3 Nf6 7. Nc3 O-O 8.
Be2 b6 9. O-O Bb7 {A pet line of Guseinov.} 10. Ndb5 (10. f3 e6 11. Qd2 d5 12.
cxd5 exd5 13. Nxc6 Bxc6 14. e5 Ne8 15. f4 {is the main line. During the
preparation for this game I couldn't find an advantage for White in this
position. I also saw that Guseinov has a lot of experience with this position.
That is why I had decided to play the text move.}) 10... d6 11. Qd2 Re8 $6 ({
Apparently my opponent wanted to avoid} 11... Nd7 12. Bh6 {it seems Black is
OK though:} Bxh6 13. Qxh6 a6 14. Na3 Nd4 15. Qd2 e5 16. Nc2 Nxc2 17. Qxc2 Nc5
18. Rad1 Ne6) 12. Rfd1 Qd7 (12... Nd7 {was a better try.}) 13. f3 Rec8 14. Rac1
a6 $2 {Looks logical, but fatally weakens the black position.} 15. Na4 $1 axb5
16. Nxb6 Qd8 (16... Qe8 {does not make a difference.}) 17. cxb5 Ne5 18. Rxc8 $1
({After} 18. Nxc8 Bxc8 {the rook on a8 is an important defender, while the
rook on d1 is superfluous. By exchanging these rooks in between White gets a
winning position.}) 18... Rxc8 19. Nxc8 Qxc8 20. a4 {The white pawn mass on
the queenside will decide the game.} Nc4 21. Qc2 (21. Bxc4 Qxc4 22. b4 {
followed by Rc1 is winning as well, but I saw a forced line.}) 21... Nxe3 $8
22. Qxc8+ Bxc8 23. Rc1 Be6 (23... Bb7 24. Rc7) (23... Bd7 24. b6 Bxa4 25. b7
Nd7 26. Rc7 {wins.}) 24. b6 $18 Bh6 25. b7 Kg7 (25... Nd7 26. Rc7 f5 (26... Nb8
27. Rc8+ {winning}) 27. Rxd7) 26. b8=Q Nxg2 27. Rc3 Nf4 28. Bc4 d5 29. exd5 Bd7
30. a5 Nh3+ 31. Kh1 Bf4 32. Qb6 Be5 33. a6 Bf5 34. Qe3 Bf4 35. Qd4 {Thanks to
this win we won the match against Azerbaijan, an important step towards the
championship!} 1-0

[Event "Leeuwarden op"]
[Site "Leeuwarden"]
[Date "1997.??.??"]
[Round "5"]
[White "Nijboer, Friso"]
[Black "Bosch, Jeroen"]
[Result "0-1"]
[WhiteElo "2605"]
[BlackElo "2405"]
[Annotator "Van der Wiel,J"]
[PlyCount "200"]
[EventDate "1997.11.08"]
[EventType "swiss"]
[EventRounds "9"]
[EventCountry "NED"]
[SourceTitle "EXT 1999"]
[Source "ChessBase"]
[SourceDate "1998.11.16"]
[SourceVersion "1"]
[SourceVersionDate "1998.11.16"]
[SourceQuality "1"]

1. e4 c5 2. Nf3 Nc6 3. d4 cxd4 4. Nxd4 g6 5. c4 Nf6 6. Nc3 d6 7. Be2 Bg7 8. Be3
O-O 9. O-O Bd7 10. Qd2 Nxd4 11. Bxd4 Bc6 12. f3 Nd7 13. Bf2 a5 14. b3 Nc5 15.
Rab1 Be5 16. Nb5 e6 17. Nd4 Qe7 18. Bd1 Rfd8 19. Re1 Be8 20. a3 Qc7 21. f4 Bg7
22. b4 axb4 23. axb4 Na4 24. Rc1 Rdc8 25. Bb3 Qd8 26. f5 exf5 27. exf5 Nb6 28.
fxg6 hxg6 29. h4 Ba4 30. Ba2 d5 31. cxd5 Nxd5 32. Rxc8 Rxc8 33. h5 gxh5 34. Nf5
Nc3 35. Qf4 Nxa2 36. Qg3 Qf6 37. Ne7+ Kh7 38. Nxc8 Nxb4 39. Qh3 Qg6 40. Ne7 Qg4
41. Qh2 Nc6 42. Nd5 Ne5 43. Rxe5 Qd1+ 44. Be1 Qd4+ 45. Re3 Qxd5 46. Qg3 Bc6 47.
Bc3 Bxc3 48. Rxc3 Qd4+ 49. Re3 Be4 50. Qf4 f5 51. Kh2 Kg7 52. Rg3+ Kf6 53. Qh6+
Ke5 54. Qg7+ Kd5 55. Qxb7+ Ke5 56. Qg7+ Kd5 57. Qf7+ Kc5 58. Qxh5 Qd2 59. Qh4
Qd6 60. Qg5 Qe5 61. Qd8 Kc4 62. Qg8+ Kc5 63. Qf8+ Kc4 64. Qf7+ Bd5 65. Qh5 Be4
66. Kh3 Qa1 67. Qf7+ Kc5 68. Qc7+ Kd5 69. Qd8+ Kc5 70. Qc8+ Kd5 71. Qb7+ Kc5
72. Qc8+ Kd5 73. Qd8+ Kc5 74. Kh4 Qh1+ 75. Kg5 Qc1+ 76. Kh5 Qh1+ 77. Rh3 Bf3+
78. Kh6 Qxg2 79. Qa5+ Kd4 80. Qb4+ Ke5 81. Qc5+ Ke4 82. Rh4+ Kd3 83. Qc4+ Ke3
84. Qd4+ Ke2 85. Qe5+ Kf1 86. Rh2 $18 Qg4 87. Qe3 $2 $138 (87. Qa1+ Bd1 88.
Rh1+ $18) 87... Qg3 $4 (87... Bg2 $1 $11) 88. Qc1+ $4 (88. Rh1+ $18) 88... Qe1
89. Qc4+ Kg1 90. Rh4 Qe3+ 91. Rf4 $6 Be4 92. Qc7 $6 Kg2 93. Kg5 Kg3 94. Qe5 Qc1
95. Qb8 Qe3 96. Qc7 Qd2 97. Qb8 Qe3 98. Qd6 Qc1 99. Qa3+ $4 Qxa3 100. Rg4+ fxg4
0-1